|
|
|
|
| LEADER |
00000nam0a2200000 4500 |
| 001 |
359927 |
| 005 |
20231102011231.0 |
| 010 |
|
|
|b 80 экз.
|
| 035 |
|
|
|a (RuTPU)RU\TPU\retro\17233
|
| 090 |
|
|
|a 359927
|
| 100 |
|
|
|a 20210208d1970 m y0rusy50 ca
|
| 101 |
0 |
|
|a rus
|
| 102 |
|
|
|a RU
|
| 105 |
|
|
|a y z 000zy
|
| 200 |
1 |
|
|a Программа научной студенческой конференции, посвященной 100-летию со дня рождения В. И. Ленина
|e 17-22 апреля 1970 г.
|f РСФСР, Министерство высшего и среднего специального образования ; Томский политехнический институт, Факультет автоматики и вычислительной техники, НИИ электронной интроскопии
|
| 210 |
|
|
|a Томск
|d 1970
|
| 215 |
|
|
|a 7 с.
|
| 300 |
|
|
|a Ротапринт. изд.
|
| 606 |
1 |
|
|a Автоматика
|2 stltpush
|3 (RuTPU)RU\TPU\subj\749
|9 29560
|
| 606 |
1 |
|
|a Вычислительная техника
|x В целом
|2 stltpush
|3 (RuTPU)RU\TPU\subj\4023
|9 32339
|
| 606 |
1 |
|
|a Интроскопия электронная
|2 stltpush
|3 (RuTPU)RU\TPU\subj\12867
|9 39576
|
| 606 |
1 |
|
|a Томский политехнический университет
|2 stltpush
|3 (RuTPU)RU\TPU\subj\67475
|9 83260
|
| 610 |
1 |
|
|a Коллекция История ТПУ
|
| 610 |
1 |
|
|a студенческие конференции
|
| 610 |
1 |
|
|a ТПИ
|
| 610 |
1 |
|
|a брошюры
|
| 675 |
|
|
|a 681.51
|v 4
|
| 675 |
|
|
|a 681.31
|v 4
|
| 675 |
|
|
|a 620.179.152
|v 4
|
| 686 |
|
|
|a Ч484(2)72ТПУ
|v LBC/SL-A
|2 rubbk
|
| 712 |
0 |
1 |
|a РСФСР
|b Министерство высшего и среднего специального образования
|c (1959-1990)
|2 stltpush
|3 (RuTPU)RU\TPU\col\22031
|9 28167
|
| 712 |
0 |
2 |
|a Томский политехнический институт
|b Факультет автоматики и вычислительной техники
|b НИИ электронной интроскопии
|c (1944-1991)
|2 stltpush
|3 (RuTPU)RU\TPU\col\1123
|
| 801 |
|
1 |
|a RU
|b 63413507
|c 20210208
|
| 942 |
|
|
|c BK
|